000 004980000a22001090004500
090 _aAS
_bSeriadas
245 1 0 _aSituación de los bosques nativos de Colombia y resultados preliminares de experimentos sobre cultivos de plantas autoctonas ornamentales en el Jardín Botánico "José Celestino Mutis"
041 0 _aEspañol
100 1 _aMora Osejo, Luis Eduardo
_912168
942 _cARTICULO
773 1 _tRevista de la Academia Colombiana de Ciencias Exactas, Físicas y Naturales
_h59
_q71-100
_d1984
_g15
999 _c15482
_d15482